| 000 | 00581nam a22001937a 4500 | ||
|---|---|---|---|
| 003 | OSt | ||
| 005 | 20170323084806.0 | ||
| 008 | 170323b xxu||||| |||| 00| 0 eng d | ||
| 040 | _cCRI | ||
| 082 | _a011.75 | ||
| 082 | _a346.048 | ||
| 100 |
_940893 _aTovar Astorga, Rafael |
||
| 245 |
_aBreves Comentarios a la Ley de Marcas de Fabrica _cRafael Tovar Astorga |
||
| 260 |
_aSan Salvador _bUniversidad de El Salvador _c1968 |
||
| 300 |
_a109 p. _c33 cm. _eEmpastado |
||
| 650 | 0 |
_95401 _aTesis |
|
| 650 | 2 | 0 |
_938356 _aMarcas comerciales _zEl Salvador |
| 942 |
_2ddc _cTG _hprozim |
||
| 999 |
_c27359 _d27359 |
||